International business. / (Record no. 8422)

MARC details
000 -LEADER
fixed length control field 01728nam a22002537a 4500
003 - CONTROL NUMBER IDENTIFIER
control field OSt
005 - DATE AND TIME OF LATEST TRANSACTION
control field 20221121095907.0
008 - FIXED-LENGTH DATA ELEMENTS--GENERAL INFORMATION
fixed length control field 120201t xxu||||| |||| 00| 0 eng d
010 ## - LIBRARY OF CONGRESS CONTROL NUMBER
LC control number 2011045322
020 ## - INTERNATIONAL STANDARD BOOK NUMBER
International Standard Book Number 9780132667876
020 ## - INTERNATIONAL STANDARD BOOK NUMBER
International Standard Book Number 0132667878
040 ## - CATALOGING SOURCE
Transcribing agency LC
050 ## - LIBRARY OF CONGRESS CALL NUMBER
Classification number HD62.4.G85
100 ## - MAIN ENTRY--PERSONAL NAME
Fuller form of name Griffin, Ricky W.
9 (RLIN) 742
245 ## - TITLE STATEMENT
Title International business. /
Statement of responsibility, etc. Ricky W. Griffin, Michael W. Pustay
250 ## - EDITION STATEMENT
Edition statement 7th ed.
260 ## - PUBLICATION, DISTRIBUTION, ETC.
Place of publication, distribution, etc. Boston:
Name of publisher, distributor, etc. Pearson,
Date of publication, distribution, etc. 2013.
300 ## - PHYSICAL DESCRIPTION
Extent xxviii, 570 p.:
Other physical details ill.,
500 ## - GENERAL NOTE
General note Includes index.
505 ## - FORMATTED CONTENTS NOTE
Formatted contents note Contents: 1. The World's market places: An overview of international business -- Global marketplaces and business centers -- Legal, technological, accounting and political environments -- The role of culture -- Ethics and social responsibility in international business -- 2. The International environment: International trade and investment -- The International monetary system and the balance of payments -- Foreign exchange and international financial markets -- Formulation of national trade policies -- International cooperation among nations -- 3. Managing international business: International strategic management -- Strategies for analyzing and entering foreign markets -- International strategic alliances -- International organization design and control -- Leadership and employee behavior in international business -- 4. Managing international business operations: International marketing -- International operations management -- International financial management -- International human resource management and labor relations --
653 ## - INDEX TERM--UNCONTROLLED
Uncontrolled term International business enterprises -- Management
700 ## - ADDED ENTRY--PERSONAL NAME
Fuller form of name Pustay, Michael W.
9 (RLIN) 743
942 ## - ADDED ENTRY ELEMENTS (KOHA)
Source of classification or shelving scheme Library of Congress Classification
Koha item type Books
Holdings
Withdrawn status Lost status Source of classification or shelving scheme Damaged status Not for loan Home library Current library Shelving location Date acquired Full call number Barcode Date last seen Price effective from Koha item type
    Library of Congress Classification     WISCONSIN INTERNATIONAL UNIVERSITY COLLEGE, GHANA KUMASI LIBRARY WISCONSIN INTERNATIONAL UNIVERSITY COLLEGE, GHANA KUMASI LIBRARY General Stacks 23/10/2019 HD62.4.G85(7e) K/349/349/19 18/01/2022 18/01/2022 Books

If you have any concerns or questions; kindly contact the library


© Powered by WIUC ICT DIRECTORATE